Writing skills in nursing and healthcare: a guide to completing successful dissertations and theses

Saved in:
Bibliographic Details
Main Author: TAYLOR, Dena Bain
Format: Book
Language:English
Published: SAGE Publications, 2010
Tags: Add Tag
No Tags, Be the first to tag this record!

MARC

LEADER 00000nam a22000007a 4500
008 210122b ||||| |||| 00| 0 eng d
020 |a 978-1-4462-4747-1 
100 |a TAYLOR, Dena Bain. 
245 |a Writing skills in nursing and healthcare:   |b a guide to completing successful dissertations and theses  |c Dena Bain Taylor  |g viii, 166p.; ill. 
260 |b SAGE Publications,   |c 2010  |h Los Angeles  |i 693321  |i 693322  |l RT24 .T21  |m Nursing – Authorship – Handbooks, manuals, etc.  |m Dissertations academic – Handbooks, manuals, etc. 
500 |a “It includes references and index”. 
942 |a lcc  |c BK  |e Adeniran, F. A  |f 22/01/2021 
952 |0 0  |1 0  |2 lcc  |4 0  |6 RT0024 T21  |7 0  |9 1627  |a HOL  |b HE  |c QZ  |d 2021-01-22  |l 0  |o RT24 .T21  |p 2021-0414  |r 2021-01-22 00:00:00  |w 2021-01-22  |y BK 
952 |0 0  |1 0  |2 lcc  |4 0  |6 RT0024 T21  |7 0  |9 1628  |a HOL  |b HOL  |c QZ  |d 2021-01-22  |l 0  |o RT24 .T21  |p 2021-0415  |r 2021-01-22 00:00:00  |w 2021-01-22  |y BK 
999 |c 863  |d 863